NBA Top 5 Defensive Rebounds since 2000 - Statistics

General Stats
  • This quiz has been taken 19 times
  • The average score is 96 of 136
Answer Stats
Year Team Player % Correct
2026: 5 Heat Bam Adebayo
100%
2026: 1 Knicks Karl Anthony-Towns
100%
2025: 2 Knicks Karl Anthony-Towns
100%
2018: 3 Timberwolves Karl Anthony-Towns
100%
2026: 2 Nuggets Nikola Jokić
100%
2025: 4 Nuggets Nikola Jokić
100%
2024: 2 Nuggets Nikola Jokić
100%
2023: 3 Nuggets Nikola Jokić
100%
2022: 1 Nuggets Nikola Jokić
100%
2026: 4 Spurs Victor Wembanyama
100%
2025: 5 Bucks Giannis Antetokounmpo
94%
2024: 5 Bucks Giannis Antetokounmpo
94%
2023: 5 Bucks Giannis Antetokounmpo
94%
2022: 5 Bucks Giannis Antetokounmpo
94%
2020: 1 Bucks Giannis Antetokounmpo
94%
2019: 2 Bucks Giannis Antetokounmpo
94%
2024: 3 Lakers Anthony Davis
88%
2018: 2 Clippers DeAndre Jordan
88%
2017: 1 Clippers DeAndre Jordan
88%
2016: 2 Clippers DeAndre Jordan
88%
2015: 1 Clippers DeAndre Jordan
88%
2014: 1 Clippers DeAndre Jordan
88%
2025: 1 Clippers Ivica Zubac
88%
2022: 4 76ers Joel Embiid
88%
2019: 5 76ers Joel Embiid
88%
2024: 4 Timberwolves Rudy Gobert
88%
2022: 2 Jazz Rudy Gobert
88%
2021: 1 Jazz Rudy Gobert
88%
2020: 2 Jazz Rudy Gobert
88%
2019: 4 Jazz Rudy Gobert
88%
2017: 5 Jazz Rudy Gobert
88%
2001: 5 Lakers Shaquille O'Neal
88%
2000: 2 Lakers Shaquille O'Neal
88%
2018: 4 Hornets Dwight Howard
82%
2014: 4 Rockets Dwight Howard
82%
2013: 1 Lakers Dwight Howard
82%
2012: 1 Magic Dwight Howard
82%
2011: 1 Magic Dwight Howard
82%
2010: 1 Magic Dwight Howard
82%
2009: 1 Magic Dwight Howard
82%
2008: 1 Magic Dwight Howard
82%
2007: 2 Magic Dwight Howard
82%
2006: 2 Magic Dwight Howard
82%
2026: 3 Hawks Jalen Johnson
82%
2007: 1 Timberwolves Kevin Garnett
82%
2006: 1 Timberwolves Kevin Garnett
82%
2005: 1 Timberwolves Kevin Garnett
82%
2004: 1 Timberwolves Kevin Garnett
82%
2003: 1 Timberwolves Kevin Garnett
82%
2002: 2 Timberwolves Kevin Garnett
82%
2001: 4 Timberwolves Kevin Garnett
82%
2000: 3 Timberwolves Kevin Garnett
82%
2015: 4 Cavaliers Kevin Love
82%
2014: 2 Timberwolves Kevin Love
82%
2012: 3 Timberwolves Kevin Love
82%
2011: 2 Timberwolves Kevin Love
82%
2023: 1 Bulls Nikola Vučević
82%
2022: 3 Bulls Nikola Vučević
82%
2021: 2 Magic/Bulls Nikola Vučević
82%
2019: 3 Magic Nikola Vučević
82%
2015: 5 Magic Nikola Vučević
82%
2013: 4 Magic Nikola Vučević
82%
2009: 4 Spurs Tim Duncan
82%
2008: 4 Spurs Tim Duncan
82%
2007: 4 Spurs Tim Duncan
82%
2006: 4 Spurs Tim Duncan
82%
2004: 3 Spurs Tim Duncan
82%
2003: 3 Spurs Tim Duncan
82%
2002: 1 Spurs Tim Duncan
82%
2001: 2 Spurs Tim Duncan
82%
2000: 4 Spurs Tim Duncan
82%
2020: 4 Pistons/Cavaliers Andre Drummond
76%
2019: 1 Pistons Andre Drummond
76%
2018: 1 Pistons Andre Drummond
76%
2017: 3 Pistons Andre Drummond
76%
2016: 1 Pistons Andre Drummond
76%
2015: 3 Pistons Andre Drummond
76%
2014: 5 Pistons Andre Drummond
76%
2021: 5 Hawks Clint Capela
76%
2025: 3 Kings Domantas Sabonis
76%
2024: 1 Kings Domantas Sabonis
76%
2023: 2 Kings Domantas Sabonis
76%
2020: 5 Pacers Domantas Sabonis
76%
2016: 5 Warriors Draymond Green
76%
2023: 4 Knicks Julius Randle
76%
2021: 4 Knicks Julius Randle
76%
2016: 3 Lakers Julius Randle
76%
2006: 5 Pistons Ben Wallace
71%
2005: 5 Pistons Ben Wallace
71%
2004: 2 Pistons Ben Wallace
71%
2003: 2 Pistons Ben Wallace
71%
2002: 3 Pistons Ben Wallace
71%
2001: 1 Pistons Ben Wallace
71%
2000: 5 Jazz Karl Malone
71%
2016: 4 Bulls Pau Gasol
71%
2015: 2 Bulls Pau Gasol
71%
2011: 5 Lakers Pau Gasol
71%
2021: 3 Wizards Russell Westbrook
71%
2018: 5 Thunder Russell Westbrook
71%
2017: 4 Thunder Russell Westbrook
71%
2012: 4 Clippers Blake Griffin
65%
2011: 3 Clippers Blake Griffin
65%
2009: 5 Mavericks Dirk Nowitzki
65%
2005: 3 Mavericks Dirk Nowitzki
65%
2003: 4 Mavericks Dirk Nowitzki
65%
2002: 4 Mavericks Dirk Nowitzki
65%
2002: 5 76ers Dikembe Mutombo
47%
2001: 3 76ers Dikembe Mutombo
47%
2000: 1 Hawks/76ers Dikembe Mutombo
47%
2010: 3 Jazz Carlos Boozer
41%
2008: 3 Jazz Carlos Boozer
41%
2007: 5 Jazz Carlos Boozer
41%
2004: 4 Jazz Carlos Boozer
41%
2020: 3 Trail Blazers Hassan Whiteside
41%
2017: 2 Heat Hassan Whiteside
41%
2006: 3 Suns Shawn Marion
41%
2005: 2 Suns Shawn Marion
41%
2011: 4 Grizzlies Zach Randolph
41%
2010: 5 Grizzlies Zach Randolph
41%
2014: 3 Bobcats Al Jefferson
35%
2012: 5 Hawks Josh Smith
35%
2012: 2 Lakers Andrew Bynum
29%
2013: 3 Warriors David Lee
24%
2010: 2 Warriors David Lee
24%
2009: 3 Knicks David Lee
24%
2008: 5 Lakers Lamar Odom
24%
2004: 5 Heat Lamar Odom
24%
2010: 4 Clippers/Trail Blazers Marcus Camby
18%
2008: 2 Nuggets Marcus Camby
18%
2007: 3 Nuggets Marcus Camby
18%
2003: 5 Heat Brian Grant
12%
2005: 4 Knicks Kurt Thomas
12%
2013: 5 Nets Reggie Evans
12%
2013: 2 Rockets Ömer Aşık
6%
2009: 2 Pacers Troy Murphy
6%
2002: 5 Warriors Danny Fortson
0%
No matching quizzes found
Score Distribution
Percent of People with Each Score
Percentile by Number Answered
Your Score History
You have not taken this quiz